000 00923nam a2200253Ia 4500
003 OSt
005 20220930085243.0
006 a|||||r|||| 00| 0
007 ta
008 220926b |||||||| |||| 00| 0 eng d
024 _a94415
037 _cTheses
040 _aCRL
_cCRL
_beng
041 _2eng
_aeng
100 _aUdeyana Singh
_9539812
110 _aUniversity of Delhi. Faculty of Medical Sciences. Department of Anaesthesiology
_9519568
245 0 _aPrevention of hypotension following spinal anaesthesia for caesarean section - comparison of volume preloading with ringer lactate and 6% hydroxy ethyl starch (voluven)
260 _c2007
650 _aANESTHETICS
_9519569
700 _a Dr. Usha Saha Gu.
_9532773
700 _aUniversity of Delhi. Faculty of Medical Sciences. Department of Anaesthesiology
_9519571
942 _cDIS
_2CC
999 _c878611
_d878611